000 00764nam a2200265Ia 4500
008 170712s9999 xx 000 0 und d
020 _a9789712719462
050 _a899.21
050 _bC536 2007
245 _aChildren of the ever-changing moon :
245 _bessays by young moro writers /
245 _cessays by Young Moro Writers ; edited by Gutierrez Mangansakan II.
260 _aPhilippines :
260 _bAnvil,
260 _c2007
300 _a119 pages :
300 _billustrations ;
300 _c20cm.
650 _aMangansakan, Gutierrez.
650 _aMuslim --
650 _aMuslim authors.
650 _aPhilippine essays (English).
650 _xPhilippines -- Social life and customs.
650 _xYoung Moro Writers.
999 _c340392
_d340392